Tribhuvan University Central Library

Forget English! orientalisms and world literature.- (Record no. 84364)

MARC details
000 -LEADER
fixed length control field 00599nam a22002057a 4500
008 - FIXED-LENGTH DATA ELEMENTS--GENERAL INFORMATION
fixed length control field 190310b xxu||||| |||| 00| 0 eng d
020 ## - INTERNATIONAL STANDARD BOOK NUMBER
International Standard Book Number 978-0-674-73477-7
082 ## - DEWEY DECIMAL CLASSIFICATION NUMBER
Classification number 809
Item number M891f
100 ## - MAIN ENTRY--PERSONAL NAME
Personal name Mufti, Aamir R.
245 ## - TITLE STATEMENT
Title Forget English! orientalisms and world literature.-
260 ## - PUBLICATION, DISTRIBUTION, ETC.
Place of publication, distribution, etc. London:
Name of publisher, distributor, etc. Harvard University Press,
Date of publication, distribution, etc. 2016
300 ## - PHYSICAL DESCRIPTION
Other physical details xii, 292p.
504 ## - BIBLIOGRAPHY, ETC. NOTE
Bibliography, etc. note Bibliography: p. 255-278
650 ## - SUBJECT ADDED ENTRY--TOPICAL TERM
Topical term or geographic name entry element English literature
650 ## - SUBJECT ADDED ENTRY--TOPICAL TERM
Topical term or geographic name entry element Intellectual life
9 (RLIN) 12465
650 ## - SUBJECT ADDED ENTRY--TOPICAL TERM
Topical term or geographic name entry element Oriental literature
650 ## - SUBJECT ADDED ENTRY--TOPICAL TERM
Topical term or geographic name entry element Literary criticism
650 ## - SUBJECT ADDED ENTRY--TOPICAL TERM
Topical term or geographic name entry element Literary history
942 ## - ADDED ENTRY ELEMENTS (KOHA)
Source of classification or shelving scheme Dewey Decimal Classification
Koha item type General Collections
Holdings
Withdrawn status Lost status Source of classification or shelving scheme Damaged status Not for loan Home library Current library Shelving location Date acquired Total Checkouts Full call number Barcode Date last seen Price effective from Koha item type
    Dewey Decimal Classification     Tribhuvan University Central Library Tribhuvan University Central Library New Building 03/10/2019   809 M891f 154026 03/10/2019 03/10/2019 General Collections
    Dewey Decimal Classification     Tribhuvan University Central Library Tribhuvan University Central Library New Building 02/03/2022   809 M891f 154027 02/03/2022 02/03/2022 General Collections